| 000 | 00393nam a22001697a 4500 | ||
|---|---|---|---|
| 003 | MACL | ||
| 005 | 20160120125801.0 | ||
| 008 | 160120b xxu||||| |||| 00| 0 eng d | ||
| 040 | _cMACL | ||
| 041 | _aEnglish | ||
| 082 | _a005.768/MIC | ||
| 100 |
_aMichael _933596 |
||
| 245 | _aMySQL | ||
| 260 |
_aNew Delhi _bTechmedia _c2000 |
||
| 650 |
_aComputer Programming _920374 |
||
| 942 |
_2ddc _cBK |
||
| 999 |
_c52812 _d52812 |
||